Statistics for Pokémon Quiz - Generation 6 (650 - 721) [No Hints]

Click here to take the quiz!

General Stats

  • This quiz has been taken 304 times
  • The average score is 61 of 72

Answer Stats

#Answer% Correct
653Fennekin
99%
657Frogadier
99%
654Braixen
98%
652Chesnaught
98%
650Chespin
98%
655Delphox
98%
656Froakie
98%
658Greninja
98%
716Xerneas
97%
717Yveltal
96%
651Quilladin
95%
718Zygarde
95%
661Fletchling
94%
663Talonflame
94%
662Fletchinder
92%
721Volcanion
92%
660Diggersby
91%
706Goodra
91%
704Goomy
91%
720Hoopa
91%
659Bunnelby
89%
719Diancie
89%
664Scatterbug
89%
705Sliggoo
89%
666Vivillon
88%
683Aromatisse
87%
669Flabébé
86%
670Floette
86%
671Florges
86%
700Sylveon
86%
694Helioptile
85%
665Spewpa
85%
682Spritzee
85%
696Tyrunt
85%
695Heliolisk
84%
707Klefki
84%
685Slurpuff
84%
697Tyrantrum
84%
699Aurorus
83%
713Avalugg
83%
710Pumpkaboo
83%
698Amaura
82%
711Gourgeist
82%
715Noivern
82%
674Pancham
82%
684Swirlix
82%
681Aegislash
81%
712Bergmite
81%
702Dedenne
81%
680Doublade
81%
691Dragalge
81%
701Hawlucha
81%
679Honedge
81%
714Noibat
81%
675Pangoro
81%
690Skrelp
81%
667Litleo
79%
672Skiddo
79%
677Espurr
78%
673Gogoat
78%
678Meowstic
78%
708Phantump
78%
668Pyroar
78%
709Trevenant
78%
692Clauncher
77%
693Clawitzer
77%
688Binacle
75%
676Furfrou
75%
689Barbaracle
74%
703Carbink
72%
686Inkay
71%
687Malamar
71%

Score Distribution

Percentile by Number Answered

Percent of People with Each Score

Your Score History

You have not taken this quiz